Países por Imagem #2 - Statistics

Estatísticas Gerais
  • Esse quiz foi jogado 252 vezes
  • A pontuação média é 9 de 15
Estatísticas das Respostas
Imagem Resposta % Correto
Egito
100%
Peru
96%
Reino Unido
93%
Arábia Saudita
70%
Itália
64%
Mongólia
63%
Turquia
62%
Iraque
59%
Vietname
57%
Suíça
43%
Malásia
39%
Madagáscar
37%
Indonésia
36%
Equador
35%
Ucrânia
20%
Nenhum quiz correspondente encontrado
Distribuição das Pontuações
Porcentagem de Pessoas com Cada Pontuação
Percentil de Números Respondidos
Sua Pontuação Histórica
Você não jogou esse quiz